Monolitická železobetónová stropná doska
Salvato in:
| Autore principale: | |
|---|---|
| Altri autori: | |
| Natura: | Manoscritto Libro |
| Lingua: | slovacco |
| Pubblicazione: |
2025
|
| Soggetti: | |
| Accesso online: | http://is.stuba.sk/zp/portal_zp.pl?podrobnosti=175868 CRZP |
| Tags: |
Nessun Tag, puoi essere il primo ad aggiungerne!!
|
MARC
| LEADER | 00000ntm a22000003a 4500 | ||
|---|---|---|---|
| 001 | stuzp105910 | ||
| 003 | SK-STU | ||
| 005 | 20250728130818.9 | ||
| 007 | ta | ||
| 008 | 150427s2015----xo-----f-mn---000-0-slo-d | ||
| 040 | |a STU |b slo | ||
| 041 | 0 | |a slo | |
| 100 | 1 | |a Lagin, Maximilián |u 010110 |4 aut |U SvF Stavebná fakulta |T SvF Katedra betónových konštrukcií a mostov |X 121284 |U V110 |Y 11 |7 121284 | |
| 242 | 0 | 1 | |a Reinforced concrete slab |y eng |
| 245 | 1 | 0 | |a Monolitická železobetónová stropná doska |
| 260 | |c 2025 | ||
| 650 | 4 | |a Stropná doska |2 slo | |
| 650 | 4 | |a Statický výpočet |2 slo | |
| 650 | 4 | |a Medzné stavy |2 slo | |
| 650 | 4 | |a Static calculation |2 eng | |
| 650 | 4 | |a Limit states |2 eng | |
| 650 | 4 | |a Ceiling slab |2 eng | |
| 700 | 1 | |a Majtánová, Lucia |u 010110 |k Z2 |4 ths |U SvF Stavebná fakulta |T SvF Katedra betónových konštrukcií a mostov |X 50518 |U V110 |Y 11 |7 A000050518 | |
| 856 | 4 | |u http://is.stuba.sk/zp/portal_zp.pl?podrobnosti=175868 | |
| 856 | 4 | |u https://opac.crzp.sk/?fn=detailBiblioForm&sid=4013D2F8FE5692F45BC32E4F6B33 |z CRZP | |